Naruto - Démons à queues (par image) - Statistiques

Statistiques générales
  • Ce quiz a été pris 117 fois
  • Le résultat moyen est 6 sur 9
Statistiques - réponses
Par images Hint Réponse % Correct
Kyûbi Kurama
96%
Yonbi Son Gokû
84%
Ichibi Shukaku
80%
Nibi Matatabi
73%
Sanbi Isobu
66%
Hachibi Gyûki
65%
Rokubi Saiken
64%
Nanabi Chômei
63%
Gobi Kokuô
54%
Aucun quiz correspondant
Distribution des résultats
% des personnes avec chaque résultat
Percentile par nombre de réponses
Votre historique - résultats
Vous n’avez pas pris ce quiz